Sborník 53. celostátní konference o ocelových konstrukcích : Hustopeče, ČR, 3. 12. 2015

Salvato in:
Dettagli Bibliografici
Ente Autore: Celostátní konference o ocelových konstrukcích Hustopeče, Česká republika
Natura: Atti del Convegno Libro
Lingua:ceco
slovacco
Pubblicazione: Praha : Česká společnost pro ocelové konstrukce, 2015
Edizione:1. vyd.
Tags: Aggiungi Tag
Nessun Tag, puoi essere il primo ad aggiungerne!!

MARC

LEADER 00000nam a22000003a 4500
001 0009841
003 SK-STU
005 20220509090925.1
007 ta
008 150124s ----xo-----e------100-0-----d
020 |a 978-80-02-02601-3 
040 |a STU  |b slo 
041 0 |a cze  |a slo 
044 |a xr 
111 2 |a Celostátní konference o ocelových konstrukcích  |n 53.  |d 3. 12. 2015  |c Hustopeče, Česká republika 
245 1 0 |a Sborník 53. celostátní konference o ocelových konstrukcích :  |b Hustopeče, ČR, 3. 12. 2015 
250 |a 1. vyd. 
260 |a Praha :  |b Česká společnost pro ocelové konstrukce,  |c 2015 
300 |a 68 s. 
996 |c V* 2260/sc-15  |l VV14  |s P  |a 0  |w 0009841_0001 
996 |c V* 2265/sc-15  |l VV9  |s P  |a 0  |w 0009841_0002 
996 |c V* 2266/sc-15  |l VV9  |s P  |a 0  |w 0009841_0003